| 000 | 00547nam a2200145 4500 | ||
|---|---|---|---|
| 082 | _aMSIT-14 MUH | ||
| 100 | _aMuhammad | ||
| 245 | _aEnergy prediction models for harvesting enabled sensor networks: Performance evaluation and enhancements | ||
| 260 |
_aIslamabad _bNUST SEECS _c2016 |
||
| 300 |
_a42p. _eCD Includes |
||
| 856 | _uhttp://10.250.8.41:8080/xmlui/handle/123456789/20854 | ||
| 942 |
_2ddc _cTHE |
||
| 999 |
_c328672 _d328672 |
||